| 000 | 00718cam a2200229 4500 | ||
|---|---|---|---|
| 001 | ABS62344 | ||
| 008 | 000000n2000 000 0 eng u | ||
| 035 | _a(Sirsi) u106034 | ||
| 100 | _aMartin, J. | ||
| 245 | _aInsuring flats:calculating the reinstatement costs | ||
| 260 | _c2000 | ||
| 490 |
_aCSM _bChartered Surveyor Monthly _vMay 2000, 22-23(2) |
||
| 520 | _aOutlines the factors to be considered when preparing a reinstatement cost assessment for flats. Examples. | ||
| 590 | _aABS | ||
| 650 | _aBUILT ENVIRONMENT-BUILDING COSTS-REINSTATEMENT COSTS | ||
| 650 | _aFLATS | ||
| 650 | _aINSURANCE VALUATIONS | ||
| 650 | _aCOST ASSESSMENTS | ||
| 650 | _aBCIS | ||
| 690 |
_aINSURANCE _96249 |
||
| 942 | _n0 | ||
| 999 |
_c63508 _d63508 |
||